Estudio sobre el rendimiento académico en los centros de excelencia de la educación de la educación media. Comparación entre centros de excelencia y con otros centros educativos de la educación media en las regionales de educación de Santo Domingo. Resumen ejecutivo. (Record no. 8537)

MARC details
000 -LEADER
campo de control de longitud fija 00776nam a2200181Ia 4500
001 - NÚMERO DE CONTROL
campo de control 958
003 - IDENTIFICADOR DE NÚMERO DE CONTROL
campo de control OSt
005 - FECHA Y HORA DE LA ÚLTIMA TRANSACCIÓN
campo de control 20250224094659.0
008 - DATOS DE LONGITUD FIJA--INFORMACIÓN GENERAL
campo de control de longitud fija 241024s2010 xx 000 0 und d
040 ## - FUENTE DE CATALOGACIÓN
Centro catalogador/agencia de origen CGID0028
Lengua de catalogación spa
Centro/agencia transcriptor CGID0028
Normas de descripción rda
082 ## - NÚMERO DE LA CLASIFICACIÓN DECIMAL DEWEY
Número de clasificación RD/373.97293/R426e/IDEICE
100 ## - ENTRADA PRINCIPAL--NOMBRE DE PERSONA
Nombre de persona Instituto Dominicano de Evaluación e Investigación de la Calidad Educativa IDEICE
245 #0 - MENCIÓN DEL TÍTULO
Título Estudio sobre el rendimiento académico en los centros de excelencia de la educación de la educación media. Comparación entre centros de excelencia y con otros centros educativos de la educación media en las regionales de educación de Santo Domingo. Resumen ejecutivo.
Mención de responsabilidad, etc. IDEICE
260 ## - PUBLICACIÓN, DISTRIBUCIÓN, ETC.
Nombre del editor, distribuidor, etc. Santo Domingo
Fecha de publicación, distribución, etc. 2010
901 ## - ELEMENTOS DE DATOS A LOCAL LDA (RLIN)
a 13/12/2010 2:17:04 p.m.
942 ## - ELEMENTOS DE ENTRADA SECUNDARIOS (KOHA)
Fuente de la clasificación o esquema de estantería Clasificación Decimal Dewey
Tipo de ítem Koha Investigaciones
Suprimir en OPAC No
Holdings
Estatus retirado Estado de pérdida Fuente de la clasificación o esquema de estantería Estado de daño No para préstamo Biblioteca de origen Biblioteca actual Fecha de adquisición Total de préstamos Signatura topográfica completa Visto por última vez Precio de reemplazo Tipo de ítem Koha
    Clasificación Decimal Dewey     Repositorio IDEICE Repositorio IDEICE 24/02/2025   RD/373.97293/R426e/IDEICE 24/02/2025 24/02/2025 Investigaciones

© 2024. Todos los Derechos Reservados. Desarrollado por IDEICE